[Event "Stay Safe Play From Home 150"]
[Site "T#646043Emanuel Laske"]
[Date "2020.05.14"]
[Round "5"]
[White "Gmbasti"]
[Black "Mruzic"]
[Result "0-1"]
[WhiteElo "1600"]
[BlackElo "1751"]
[Annotator "NA RC"]
[PlyCount "128"]
[EventDate "2020.05.14"]
[EventType "swiss (blitz)"]

1. c4 {[%emt 0:00:04]} Nf6 {[%emt 0:00:02]} 2. e3 {[%emt 0:00:00]} g6 {[%emt 0:00:01]} 3. d4 {[%emt 0:00:00]} Bg7 {[%emt 0:00:02]} 4. Nc3 {[%emt 0:00:00]} d6 {[%emt 0:00:01]} 5. Nf3 {[%emt 0:00:00]} O-O {[%emt 0:00:01]} 6. Bd3 {[%emt 0:00:00]} Bf5 {[%emt 0:00:01]} 7. Qc2 {[%emt 0:00:00]} Bxd3 {[%emt 0:00:01]} 8. Qxd3 {[%emt 0:00:00]} Nc6 {[%emt 0:00:02]} 9. e4 {[%emt 0:00:00]} e5 {[%emt 0:00:02]} 10. dxe5 {[%emt 0:00:01]} dxe5 {[%emt 0:00:03]} 11. Nd5 {[%emt 0:00:01]} Qd6 {[%emt 0:00:09]} 12. O-O {[%emt 0:00:04]} Ne7 {[%emt 0:00:03]} 13. Nxf6+ {[%emt 0:00:01]} Qxf6 {[%emt 0:00:02]} 14. Bg5 {[%emt 0:00:03]} Qe6 {[%emt 0:00:02]} 15. Qb3 {[%emt 0:00:07]} b6 {[%emt 0:00:02]} 16. Rad1 {[%emt 0:00:02]} f6 {[%emt 0:00:03]} 17. Be3 {[%emt 0:00:02]} Rfd8 {[%emt 0:00:04]} 18. Rfe1 {[%emt 0:00:01]} c5 {[%emt 0:00:07]} 19. Rxd8+ {[%emt 0:00:05]} Rxd8 {[%emt 0:00:02]} 20. h3 {[%emt 0:00:03]} Nc6 {[%emt 0:00:03]} 21. a3 {[%emt 0:00:06]} Nd4 {[%emt 0:00:02]} 22. Bxd4 {[%emt 0:00:01]} exd4 {[%emt 0:00:02]} 23. e5 {[%emt 0:00:08]} fxe5 {[%emt 0:00:03]} 24. Qd3 {[%emt 0:00:03]} Bf6 {[%emt 0:00:09]} 25. h4 {[%emt 0:00:11]} Re8 {[%emt 0:00:04]} 26. h5 {[%emt 0:00:01]} e4 {[%emt 0:00:04]} 27. Qd2 {[%emt 0:00:12]} Kg7 {[%emt 0:00:10]} 28. hxg6 {[%emt 0:00:03]} hxg6 {[%emt 0:00:02]} 29. Ng5 {[%emt 0:00:06]} Bxg5 {[%emt 0:00:10]} 30. Qxg5 {[%emt 0:00:04]} Qf5 {[%emt 0:00:01]} 31. Qg3 {[%emt 0:00:06]} Rf8 {[%emt 0:00:05]} 32. Qc7+ {[%emt 0:00:01]} Rf7 {[%emt 0:00:01]} 33. Qd6 {[%emt 0:00:04]} Qf6 {[%emt 0:00:05]} 34. Qd5 {[%emt 0:00:02]} Re7 {[%emt 0:00:04]} 35. Rxe4 {[%emt 0:00:03]} Rxe4 {[%emt 0:00:01]} 36. Qxe4 {[%emt 0:00:01]} Kf7 {[%emt 0:00:01]} 37. Qb7+ {[%emt 0:00:02]} Qe7 {[%emt 0:00:02]} 38. Qf3+ {[%emt 0:00:01]} Kg7 {[%emt 0:00:03]} 39. b3 {[%emt 0:00:04]} Kh6 {[%emt 0:00:06]} 40. Qf4+ {[%emt 0:00:01]} g5 {[%emt 0:00:02]} 41. Qh2+ {[%emt 0:00:02]} Kg6 {[%emt 0:00:01]} 42. Qg3 {[%emt 0:00:04]} Qe1+ {[%emt 0:00:03]} 43. Kh2 {[%emt 0:00:01]} Qe7 {[%emt 0:00:03]} 44. f4 {[%emt 0:00:02]} Kf5 {[%emt 0:00:03]} 45. fxg5 {[%emt 0:00:07]} Qxg5 {[%emt 0:00:02]} 46. Qd3+ {[%emt 0:00:02]} Ke5 {[%emt 0:00:01]} 47. Qe2+ {[%emt 0:00:03]} Qe3 {[%emt 0:00:02]} 48. Qh5+ {[%emt 0:00:04]} Ke4 {[%emt 0:00:01]} 49. Qe8+ {[%emt 0:00:02]} Kd3 {[%emt 0:00:01]} 50. Qg6+ {[%emt 0:00:02]} Kd2 {[%emt 0:00:01]} 51. Qb1 {[%emt 0:00:08]} Kc3 {[%emt 0:00:08]} 52. Qa1+ {[%emt 0:00:03]} Kxb3 {[%emt 0:00:02]} 53. Qd1+ {[%emt 0:00:01]} Kxc4 {[%emt 0:00:02]} 54. Qc2+ {[%emt 0:00:01]} Qc3 {[%emt 0:00:01]} 55. Qe2+ {[%emt 0:00:01]} Kb3 {[%emt 0:00:01]} 56. Qd1+ {[%emt 0:00:01]} Qc2 {[%emt 0:00:01]} 57. Qf3+ {[%emt 0:00:01]} d3 {[%emt 0:00:01]} 58. Qf7+ {[%emt 0:00:01]} c4 {[%emt 0:00:01]} 59. Qxa7 {[%emt 0:00:03]} d2 {[%emt 0:00:03]} 60. Qxb6+ {[%emt 0:00:01]} Kxa3 {[%emt 0:00:01]} 61. Qa5+ {[%emt 0:00:01]} Kb2 {[%emt 0:00:01]} 62. Qb4+ {[%emt 0:00:01]} Kc1 {[%emt 0:00:02]} 63. Qa3+ {[%emt 0:00:01]} Qb2 {[%emt 0:00:01]} 64. Qc3+ {[%emt 0:00:02]} Qxc3 {[%emt 0:00:01] Zeit (Lag: Av=0.50s, max=1.3s)} 0-1

[Event "Stay Safe Play From Home 150"]
[Site "T#646043Emanuel Laske"]
[Date "2020.05.14"]
[Round "6"]
[White "Little champs"]
[Black "Lamborghini"]
[Result "1-0"]
[WhiteElo "2194"]
[BlackElo "2244"]
[Annotator "TA"]
[PlyCount "105"]
[EventDate "2020.05.14"]
[EventType "swiss (blitz)"]

{[%evp 9,105,13,29,0,60,55,70,36,78,41,66,43,62,62,92,46,50,48,54,56,85,54,50,1,104,35,37,40,47,43,72,64,95,73,85,78,75,81,124,114,126,118,121,115,139,118,182,34,48,20,21,16,43,16,39,33,39,14,14,14,14,-57,-44,-59,-56,-80,-51,-45,397,372,756,762,1086,1057,1499,1139,1130,964,1424,1363,1283,1155,1017,979,1269,1177,1980,1945,29991,29992,29992,29993,29994,29993,29994,29993,29993,29994]} 1. e4 g6 2. d4 Bg7 3. Bc4 e6 4. Nf3 Ne7 5. O-O d5 6. Bd3 {B06: Modern Defence.} Nbc6 (6... O-O $11) 7. c3 $14 O-O {[#]} 8. Re1 $146 {White is slightly better.} ({Predecessor:} 8. e5 b6 9. Bg5 Kh8 10. Bb5 Bd7 11. Qd3 Na5 12. h3 Bxb5 13. Qxb5 h6 14. Bf6 Bxf6 15. exf6 {0-1 (36) Pradzinski,A (1200)-Wong,F (1783) Grande Prairie 2008}) 8... h6 9. h3 b6 10. Bd2 Bb7 11. Na3 Kh7 12. Nc2 dxe4 13. Bxe4 Nd5 14. Qe2 Qd7 15. Rad1 Rae8 16. a3 Nf6 (16... f5 $11 {remains equal.} 17. Bd3 e5 18. dxe5 Nxe5 19. Nxe5 Rxe5) 17. Bd3 (17. Ne5 $16 Nxe5 18. Bxb7) 17... Qc8 18. Bf4 Nd5 19. Bh2 a5 20. Ne3 Re7 21. Qc2 Nxe3 22. fxe3 e5 23. d5 Nd8 24. e4 f6 25. c4 Nf7 26. b4 axb4 27. axb4 c5 (27... Ng5 $16 {keeps fighting.}) 28. b5 (28. bxc5 $18 bxc5 29. Ra1) 28... Nd6 29. Kh1 Qc7 30. Rf1 Bc8 31. Nh4 Bd7 32. Ra1 Ree8 33. Ra6 Ra8 34. Rfa1 Rxa6 35. bxa6 (35. Rxa6 $11 Bc8 36. Ra3) 35... Ra8 $15 36. Nf3 Ra7 37. Ra3 Bc8 38. Qa2 b5 $2 {[%mdl 8192] This costs Black the game.} (38... Qb8 $15 {stays ahead.}) 39. cxb5 $18 Nxb5 $2 (39... Bd7 40. Qb2 Qb6) 40. Bxb5 c4 41. Qxc4 Qd6 42. Qa2 Bf8 43. Ra4 Bd7 44. Bxd7 Qxd7 45. Nd2 Bc5 46. Nc4 f5 47. Nxe5 Qe7 48. Nc6 {[%mdl 64] [#] Double Attack} Qxe4 49. Rxe4 {White mates.} fxe4 50. Nxa7 e3 51. Qe2 Bxa7 {[#]} 52. Bg1 $1 h5 53. Bxe3 {Accuracy: White = 62%, Black = 41%.} 1-0

[Event "Stay Safe Play From Home 150"]
[Site "T#646043Emanuel Laske"]
[Date "2020.05.14"]
[Round "6"]
[White "Weltszmerc"]
[Black "Position"]
[Result "1-0"]
[WhiteElo "2125"]
[BlackElo "2085"]
[Annotator "TA"]
[PlyCount "35"]
[EventDate "2020.05.14"]
[EventType "swiss (blitz)"]

{[%evp 17,35,34,36,43,32,10,0,6,123,0,8,4,0,0,136,117,649,649,654,654]} 1. d4 Nf6 2. c4 e6 3. Nf3 b6 4. g3 Bb7 5. Bg2 Bb4+ 6. Bd2 Bxd2+ 7. Nbxd2 O-O 8. O-O d6 9. Qc2 Nbd7 10. e4 {E16: Queen's Indian: 4 g3 Bb7 5 Bg2 Bb4+.} c5 11. Rad1 cxd4 12. Nxd4 {The position is equal.} Rc8 {[#]} (12... a6 $11 {keeps the balance.}) 13. Qb1 $146 ({White must play} 13. Nb5 $1 $16) ({Predecessor:} 13. Nb5 Ne5 14. f4 Neg4 15. Qd3 d5 16. cxd5 exd5 17. e5 Ne4 18. Nxe4 dxe4 19. Qe2 {1-0 (33) Norbach,A (1957)-Bergmann,R (1786) Bremen 2018}) 13... Qe7 14. b3 Rfd8 15. Nb5 Nc5 (15... a6 $11 16. Nd4 Ne5) 16. Nxa7 $16 Bxe4 $2 {[%mdl 8192] [#]} (16... Ra8 $16) 17. Nxc8 $18 ({And not} 17. Bxe4 Qxa7 18. Rfe1 d5 $11) 17... Rxc8 18. Nxe4 {Accuracy: White = 85%, Black = 47%.} 1-0

[Event "Stay Safe Play From Home 150"]
[Site "T#646043Emanuel Laske"]
[Date "2020.05.14"]
[Round "6"]
[White "Don59as"]
[Black "Sfantul321"]
[Result "0-1"]
[WhiteElo "2058"]
[BlackElo "2040"]
[Annotator "TA"]
[PlyCount "96"]
[EventDate "2020.05.14"]
[EventType "swiss (blitz)"]

{[%evp 12,95,4,-16,-1,3,20,20,31,15,19,34,27,20,20,0,25,25,26,28,75,33,56,45,46,31,54,16,29,8,70,31,45,62,250,59,283,60,129,0,173,50,184,29,76,77,78,80,79,67,84,52,47,-10,-4,-4,-18,-352,-330,-246,-12,-487,-487,-447,-423,-1324,-1310,-1385,-1374,-1276,-939,-1321,-1343,-1175,-783,-1067,-1042,-29986,-29987,-29990,-29991,-29997,-29998,-29998,-29999,-29999]} 1. c4 g6 2. Nc3 Bg7 3. g3 c5 4. Bg2 Nc6 5. e3 e6 6. Nge2 Nge7 7. Nf4 d6 {A36: Symmetrical English vs ...g6: 4 Bg2 Bg7.} 8. O-O {[#]} e5 $146 ({Predecessor:} 8... O-O 9. d3 a6 10. a4 Rb8 11. Bd2 b6 12. Ne4 Bb7 13. Bc3 e5 14. Ne2 d5 15. cxd5 Nxd5 {0-1 (41) Zhao,X (2485)-Javakhishvili,L (2464) St Petersburg 2018}) 9. Nfd5 Be6 {The position is equal.} 10. b3 O-O 11. Bb2 a6 12. Rc1 Rb8 13. a4 Nb4 14. Nxb4 cxb4 15. Nd5 b5 16. Nxe7+ Qxe7 17. cxb5 axb5 18. a5 d5 19. Ra1 Ra8 20. Qe2 Qb7 (20... Rfb8 $11) 21. Rfc1 Ra6 22. Rc5 Rfa8 $2 ({Better is} 22... Rb8 $14) 23. Rxb5 $2 (23. Qxb5 $18 Qxb5 24. Rxb5) 23... Qe7 $2 (23... Qc7 $14) 24. Qd1 $2 ({Only move:} 24. Bxd5 $18 Bxd5 25. Rxd5) 24... Qd7 (24... Bd7 $14 25. Rb7 (25. Rxd5 Bc6 $11) 25... Qd6) 25. Qe2 (25. Rxb4 $16 {Threatens to win with Bf1.} Qd8 26. Rb5) 25... h5 $2 {[#]} (25... Qe7 $11 {and Black is okay.}) 26. h4 (26. Rb8+ $1 $18 Rxb8 27. Qxa6) 26... R8a7 ({Black should try} 26... Qc7 $14) 27. Ra2 $2 (27. Rb8+ $18 Kh7 28. Qb5 (28. Rxb4 Rxa5 29. Rxa5 Rxa5 $11)) 27... d4 28. exd4 Bxb3 29. Ra1 exd4 30. Rb8+ Kh7 {Hoping for ...d3.} 31. Qd3 ({Of course not} 31. Rxb4 $6 d3 $11) 31... Be6 32. Rb6 (32. Rxb4 $14 Rxa5 33. Rxa5 Rxa5 34. Bxd4) 32... Rxa5 $11 33. Rxa5 Rxa5 34. Rb7 $2 {[%mdl 8192]} (34. Rxb4 $11 Qd6 35. Rb7) 34... Qd6 $19 35. Be4 {intending Bxg6+!} Bd5 $2 ({Black should play} 35... Kg8 $19 {White must now prevent ...Bc8.} 36. Bxg6 Bd5 37. Bh7+ (37. Bxd4 $2 Bxb7 38. Bxg7 Kxg7 $19) 37... Kh8) 36. Bxg6+ $2 {[%mdl 8192]} (36. Bxd5 $11 Qxd5 37. Rxb4) 36... Qxg6 37. Qxg6+ Kxg6 38. Rd7 (38. Rxb4 $142 Kf5 39. d3) 38... Kf5 39. f3 Ke6 40. Rd8 Bf6 41. Re8+ {[#]} Kd7 $1 42. Rb8 Be7 43. Kf2 Bc5 44. d3 Ra2 {Black mates.} 45. g4 Rxb2+ 46. Kg3 Bd6+ {[%mdl 64] Double Attack} 47. f4 Rg2+ 48. Kh3 hxg4# {Never resign too early! Accuracy: White = 32%, Black = 47%.} 0-1

[Event "Stay Safe Play From Home 150"]
[Site "T#646043Emanuel Laske"]
[Date "2020.05.14"]
[Round "6"]
[White "Chesstiger9"]
[Black "Lazieri3"]
[Result "0-1"]
[WhiteElo "2043"]
[BlackElo "1989"]
[Annotator "TA"]
[PlyCount "164"]
[EventDate "2020.05.14"]
[EventType "swiss (blitz)"]

{[%evp 11,164,18,20,0,7,12,16,20,31,-14,-12,-20,-10,-23,-10,-20,0,0,0,0,0,-26,0,-15,-14,-28,-27,-20,-20,-67,-10,-83,-35,-36,-34,-43,-8,-29,0,-62,0,0,0,0,0,0,0,0,0,0,0,0,0,0,0,0,0,0,0,0,0,0,0,0,0,0,0,0,0,0,0,0,0,0,0,0,0,0,0,0,0,0,0,0,0,0,0,0,0,0,0,0,0,0,0,0,0,0,0,0,0,0,0,-27998,-27998,-27999,-27999,-27996,-27996,-27998,-27997,-27998,-27997,-27998,-27998,-27999,-27999,-27995,-27995,-27996,-27996,-27998,-27998,-27999,-27999,-27998,-27998,-27999,-27997,-27999,-27998,-27994,-27994,-27995,-27994,-27995,-27993,-27995,-27995,-27999,-27997,-27998,-27997,-27998,-27995,-27996,-27995,-27996,-27996,-27997,-27997,-27998,-27998,-27999,-27998]} 1. d4 c6 2. Nf3 d5 3. e3 Bf5 4. Bd3 Bxd3 5. Qxd3 e6 6. Nbd2 Nf6 7. e4 {D04: Colle System.} dxe4 8. Nxe4 Nxe4 9. Qxe4 {The position is equal.} Qd5 10. Qxd5 (10. Qd3 {with more complications.} Bd6 11. O-O O-O 12. c4 Qf5 13. Qxf5 exf5 14. Rd1) 10... cxd5 11. O-O {[#]} Nc6 $146 ({Predecessor:} 11... Nd7 12. Ne5 Bd6 13. Nxd7 Kxd7 14. Bd2 b6 15. Rac1 b5 16. f4 f6 17. c3 g6 {½-½ (30) Karlsson,R (1209)-Benum,S (1020) IECC email 2003}) 12. c3 h6 13. Bf4 Kd7 14. h4 Bd6 15. Bxd6 Kxd6 16. Rfe1 a6 {[%cal Ba7a6,Ba6a5][%mdl 32]} 17. Ne5 Nxe5 18. Rxe5 $11 {[%mdl 4096] Endgame KRR-KRR} b5 19. a3 a5 20. f4 {[#]} g6 ({Black should try} 20... b4 $1 $15 {[%mdl 512]} 21. f5 (21. axb4 axb4) 21... bxc3 22. bxc3 Rab8) 21. Rae1 {[#]} (21. h5 $1 $11 {keeps the balance.}) 21... b4 $1 {[%mdl 512]} 22. axb4 axb4 23. g4 bxc3 24. bxc3 Rhc8 25. R1e3 (25. f5 $11) 25... Ra2 ({Black should play} 25... Ra3 $15 26. h5 gxh5 27. Rxh5 Rcxc3 28. Rxc3 Rxc3) 26. f5 gxf5 27. gxf5 Rg8+ 28. Kf1 Rb8 29. fxe6 Rb1+ 30. Re1 Rxe1+ 31. Kxe1 fxe6 {KR-KR} 32. Rh5 Rc2 33. Rxh6 Rxc3 34. Kd2 Rh3 35. Rh8 Ke7 36. h5 Kf6 37. h6 Kf5 $2 {[%mdl 8192]} (37... e5 $11) 38. h7 {And now Rf8+ would win.} Ke4 39. Re8 Rxh7 40. Rxe6+ Kxd4 41. Ra6 $2 {[%mdl 8192]} (41. Re2 $11) 41... Rh2+ 42. Ke1 $2 {[%mdl 8192]} (42. Kd1 $11) 42... Ke4 $2 {[%mdl 8192]} (42... Rh1+ $11 43. Ke2 Rh3) 43. Ra3 d4 44. Rb3 $2 {[%mdl 8192]} (44. Rg3 $11) 44... Rg2 $2 {[%mdl 8192]} (44... Rh1+ $11 45. Kd2 Rh2+ 46. Ke1 Rh8) 45. Ra3 Rb2 $2 {[%mdl 8192]} (45... d3 $11 46. Ra8 Rh2) 46. Rh3 $2 {[%mdl 8192]} (46. Rg3 $11) 46... Rc2 $2 {[%mdl 8192]} (46... d3 $11) 47. Rg3 $2 {[%mdl 8192]} (47. Kd1 $11 Rg2 48. Rb3) 47... Rc3 48. Rg8 Kd3 $2 {[%mdl 8192]} (48... Ra3 $11) 49. Kd1 $2 {[%mdl 8192]} (49. Rd8 $11) 49... Rc7 $2 {[%mdl 8192]} (49... Ke4 $11) 50. Rg3+ Kc4 51. Rh3 $2 {[%mdl 8192]} (51. Kd2 $11) 51... Rd7 $2 {[%mdl 8192]} (51... d3 $11) 52. Kd2 Rg7 $2 {[%mdl 8192]} (52... Rc7 $11) 53. Rh2 $2 {[%mdl 8192]} (53. Kc1 $11) 53... Ra7 $2 {[%mdl 8192]} (53... Rg3 $11) 54. Rh8 $2 {[%mdl 8192]} (54. Rh3 $11) 54... Ra2+ 55. Kd1 {intending Rh3.} Kc3 $2 {[%mdl 8192]} (55... Ra1+ $11 56. Ke2 Ra2+ 57. Ke1 Kc3 58. Rc8+ Kd3) 56. Rc8+ Kd3 57. Ke1 $2 {[%mdl 8192] Black keeps a firm grip on the game.} (57. Kc1 $11) 57... Ra1+ {Black mates.} 58. Kf2 Kd2 59. Rc4 d3 60. Rc8 Ra7 61. Rb8 Rf7+ 62. Kg1 Ke2 63. Re8+ Kd1 64. Re6 d2 65. Rc6 Rf3 66. Rc8 Ke2 67. Re8+ Re3 68. Rf8 d1=Q+ 69. Kg2 Qd2 70. Rf2+ Kd1 71. Rxd2+ Kxd2 {KR-K} 72. Kf2 Kd3 73. Kf1 Ke4 74. Kf2 Kf4 75. Kf1 Kf3 76. Kg1 Re2 {[%cal Be3e2,Be2c2,Bc2h2,Bh2h1][%mdl 32]} 77. Kf1 Rc2 {[%cal Rc2c1]} 78. Ke1 Rh2 79. Kd1 Ke3 80. Kc1 Kd3 81. Kb1 Kc3 {( -> ...Rg2)} 82. Ka1 Rh1+ {Accuracy: White = 69%, Black = 88%.} 0-1

[Event "Stay Safe Play From Home 150"]
[Site "T#646043Emanuel Laske"]
[Date "2020.05.14"]
[Round "6"]
[White "Haris kollari 13"]
[Black "Dukic"]
[Result "1-0"]
[WhiteElo "1942"]
[BlackElo "1802"]
[Annotator "TA"]
[PlyCount "97"]
[EventDate "2020.05.14"]
[EventType "swiss (blitz)"]

{[%evp 9,97,53,60,47,57,63,56,0,34,4,33,-14,19,0,25,21,24,0,0,2,24,-2,34,-156,-151,-168,-154,-218,-203,-196,-191,-235,-195,-199,-87,-68,-72,-73,-68,-84,-48,-80,-69,-64,-56,-47,-28,-55,-25,-36,-44,-158,-116,-152,-137,-139,-150,-152,-155,-158,-116,-239,-127,-131,-129,-142,-132,-160,-162,-233,-159,-173,-150,-141,-142,-145,-140,-143,-93,-112,0,-59,-58,-58,-58,-75,-76,-163,29999,0]} 1. e4 c6 2. Nf3 d6 3. d4 Bg4 4. Bd3 Nd7 5. Be3 e5 6. c3 {B12: Caro-Kann: Advance Variation.} Ngf6 7. Nbd2 Be7 8. Rc1 (8. h3 $14 Bh5 9. Qb3) 8... O-O 9. O-O {[#]} Re8 $146 ({Predecessor:} 9... d5 10. Qc2 dxe4 11. Bxe4 Nxe4 12. Nxe4 Bxf3 13. gxf3 f5 14. Nc5 Bxc5 15. dxc5 f4 16. Bd2 Nxc5 17. b4 Ne6 18. Rce1 Ng5 19. Qd1 Qxd2 {0-1 (19) Fatyol,I (1917)-Scepanovic,L (2198) Subotica 2011}) 10. Bb1 Qc7 11. Qc2 Bh5 12. h3 h6 13. g4 Bg6 14. Nh4 Bh7 15. Nf5 Bf8 16. Nf3 $2 (16. Rce1 $14) 16... exd4 $17 17. cxd4 Nxe4 18. Rce1 (18. d5 $17 {is a better defense.}) 18... Bxf5 $19 19. gxf5 d5 20. Kg2 Qd6 21. Nh2 Qf6 (21... Qb8 $19 {and Black stays clearly on top. aiming for ...Bb4.} 22. Nf3 Bd6) 22. f3 $17 Nd6 {Strongly threatening ...Nc4.} 23. Ng4 Qh4 24. Bf2 Qg5 25. h4 {[#]} Qh5 $1 $36 {[%mdl 2048] White is under pressure.} 26. Bg3 f6 27. Re6 Nc4 28. Rfe1 Qf7 29. b3 Na3 30. Qd3 ({White should play} 30. Qe2 $1 $15 Rec8 31. Bd3) 30... Nxb1 31. Qxb1 Bb4 32. R1e2 Nf8 33. Rxe8 Rxe8 34. Qd3 Re7 35. a3 (35. Ne3 $17) 35... Bxa3 (35... Rxe2+ $19 36. Qxe2 Bxa3) 36. Ra2 Bb4 37. Rxa7 Qe8 38. Ra2 h5 39. Nh2 (39. Nf2 $142) 39... Re3 40. Qc2 Nd7 41. Nf1 {[#]} Re7 $1 42. Qd3 Nb6 43. Bf4 Qd7 44. Ng3 Bd6 (44... Re8 $17 45. Nxh5 Nc8) 45. Nxh5 ({White should try} 45. Bxd6 $1 $11 Qxd6 46. Nxh5) 45... Bxf4 46. Nxf4 Nc8 47. Ne6 Nd6 48. Ra8+ (48. Re2 $17) 48... Kf7 $4 {[%mdl 8192]} (48... Re8 $19 49. Rxe8+ Qxe8) 49. Nd8+ $2 {[%mdl 32768] A wild game. Accuracy: White = 53%, Black = 49%. . Loss on time!?} (49. Rf8# {mates}) 1-0

[Event "Stay Safe Play From Home 150"]
[Site "T#646043Emanuel Laske"]
[Date "2020.05.14"]
[Round "6"]
[White "MartinKestler"]
[Black "Tunca"]
[Result "1-0"]
[WhiteElo "1912"]
[BlackElo "1642"]
[Annotator "TA"]
[PlyCount "97"]
[EventDate "2020.05.14"]
[EventType "swiss (blitz)"]

{[%evp 9,97,6,16,22,31,31,33,33,28,28,38,26,22,23,27,18,27,20,46,-8,6,0,83,2,13,-2,11,-67,0,0,20,6,13,-10,-14,0,5,15,16,-89,41,-31,-27,-33,-30,-75,-63,-67,-70,-116,-125,-147,-127,-138,-99,-94,-100,-99,-99,-99,-90,-100,-95,-103,0,0,0,0,0,0,0,0,0,17,2187,0,0,0,0,0,2277,0,0,0,5114,0,0,0,0,0]} 1. Nf3 d6 2. d4 g6 3. b3 Bg7 4. Bb2 c5 5. g3 Nc6 6. Bg2 {[#] A41: 1 d4 d6: Tartakower System and Modern Defence.} Qb6 $146 {[%cal Rc6d4]} ({Predecessor:} 6... Bg4 7. e3 Nf6 8. Nbd2 cxd4 9. exd4 Qc8 10. O-O O-O 11. Re1 Re8 12. Nf1 e5 13. dxe5 dxe5 {½-½ (32) Grinev,V (2404)-Kislinsky,A (2532) Kiev 2012}) 7. dxc5 Qa5+ 8. c3 {White is slightly better.} Qxc5 9. O-O Nf6 10. Nbd2 Bf5 11. c4 O-O 12. e3 Rfe8 13. Nd4 Bg4 14. Bf3 (14. Ne4 $14 Qh5 15. Nxf6+ Bxf6 16. Qd2) 14... Bxf3 15. Qxf3 Ne5 (15... Rad8 $11 {keeps the balance.}) 16. Qe2 (16. Qxb7 $16 Rab8 17. Qg2) 16... Rac8 17. N2f3 Ne4 18. Rfd1 (18. Nxe5 $11 dxe5 19. Nf3) 18... a6 (18... Ng4 $1 $15 19. Rf1 e5) 19. Nxe5 $11 Bxe5 20. Rac1 Bg7 21. Nf3 Bxb2 22. Qxb2 Qh5 23. Kg2 Rc5 24. Qd4 {[#]} (24. Ne1 $11 {remains equal.}) 24... Nf6 (24... Nxf2 $1 $17 {[%mdl 512]} 25. Rd2 (25. Kxf2 Rf5 $17) 25... Ng4) 25. Qh4 (25. e4 $14) 25... Qxh4 $15 26. Nxh4 Rec8 27. Rb1 b5 $36 {[%mdl 2048] Black is more active.} 28. cxb5 axb5 29. Nf3 Rc2 30. a4 bxa4 31. bxa4 Ra2 32. Ra1 {[#]} Rcc2 $1 {[%cal Rc2f2]} 33. Rxa2 Rxa2 $17 {[%mdl 4096] Endgame KRN-KRN} 34. Rd4 Nd7 35. Nd2 Nc5 36. Ne4 Rxa4 ({Black should try} 36... Nxa4 $17 37. Rd2 Rxd2 38. Nxd2 f5) 37. Nxc5 $11 Rxd4 38. exd4 {Nd3 is the strong threat.} dxc5 39. dxc5 $17 {aiming for c6. KP-KP} Kf8 40. Kf3 Ke8 41. Ke4 e6 $2 {[%mdl 8192]} (41... Kd7 $11) 42. Ke5 $2 ({Only move:} 42. f4 $18 Kd7 43. Ke5) 42... Ke7 $1 $11 43. Kd4 Kd7 44. f4 {Hoping for g4.} f6 $2 {[%mdl 8192] [#]} (44... h6 $11) 45. h3 $2 (45. g4 $1 $18 {[%cal Rg4g5] Threatens to win with g5.} Kc7 46. g5) 45... Kc6 46. Kc4 h5 $2 {[%mdl 8192]} (46... e5 $11) 47. h4 $2 ({White must play} 47. Kd4 $18 {Strongly threatening g4.} Kd7 48. g4) 47... e5 48. fxe5 fxe5 49. Kb4 $1 {[%mdl 32768] Accuracy: White = 66%, Black = 65%. . Sensor Board Error (Ke4/e5)?} 1-0

[Event "Stay Safe Play From Home 150"]
[Site "T#646043Emanuel Laske"]
[Date "2020.05.14"]
[Round "6"]
[White "Tumnik_ad"]
[Black "Klausen"]
[Result "1-0"]
[WhiteElo "1866"]
[BlackElo "1900"]
[Annotator "TA"]
[PlyCount "99"]
[EventDate "2020.05.14"]
[EventType "swiss (blitz)"]

{[%evp 9,99,-31,-36,-35,-35,-63,-39,-66,-42,-84,-34,-37,-30,-108,-57,-70,-20,-70,-42,-35,10,-81,-84,-80,72,-137,-128,-150,-73,-262,-261,-258,-258,-553,-544,-724,-700,-779,-767,-741,-552,-546,-539,-536,-525,-556,-552,-539,-535,-556,-554,-629,-626,-620,-605,-803,-809,-774,-647,-647,-592,-642,-579,-660,-645,-638,-616,-616,-505,-604,-547,-572,-560,-772,-764,-905,-913,-888,-600,-580,-189,-794,-750,-767,0,-951,-665,-822,-796,-29980,-831,-29989]} 1. c3 Nf6 2. d3 d5 3. Nd2 c6 {[#]} 4. h3 $146 ({Predecessor:} 4. e4 e5 5. Ngf3 Bd6 6. Be2 O-O 7. h3 Re8 8. Qc2 a5 9. Nf1 Nbd7 10. g4 dxe4 11. dxe4 {0-1 (63) Noble,M (2241)-Moskow,E (2127) Auckland 2016}) 4... Bf5 5. g4 Bg6 6. Bg2 {A00: Irregular Openings.} e6 7. Nf1 Bd6 8. Nf3 {Black is slightly better.} O-O 9. g5 Nfd7 10. h4 {Threatening h5.} Bh5 $1 11. Rh3 (11. Ng3 $11 {keeps the balance.} Bxf3 12. Bxf3) 11... Bg4 (11... f5 $17 12. d4 Na6) 12. Rh1 $15 Qe7 13. Ne3 Bxf3 14. Bxf3 f6 15. Ng4 (15. d4 $11 {remains equal.}) 15... f5 $17 16. Ne3 e5 $2 {[#]} (16... Nb6 $17 {and life is bright.}) 17. Qb3 $2 (17. Nxd5 $1 $16 cxd5 18. Bxd5+ {[%mdl 64] Double Attack} Kh8 19. Bxb7) 17... Nc5 $36 {[%mdl 2048] Black is in control.} 18. Qc2 e4 (18... f4 $142 19. Ng2 e4 20. dxe4 dxe4) 19. d4 $2 (19. dxe4 $17 fxe4 20. Bg4) 19... exf3 $19 20. dxc5 Bxc5 21. Bd2 $2 {[#]} (21. Kf1) 21... f4 22. O-O-O fxe3 23. fxe3 fxe2 24. Rde1 Bxe3 25. Rxe2 Bxd2+ 26. Qxd2 Qd6 27. Rhe1 Nd7 28. Re7 Nc5 29. b4 Na4 30. Kc2 Qg6+ 31. Kb3 Nb6 32. R1e6 Qb1+ 33. Qb2 Qxb2+ 34. Kxb2 Rf7 35. Kc2 Nc4 36. a4 Rf2+ 37. Re2 Rxe2+ 38. Rxe2 {[%mdl 4096] Endgame KRN-KR} Rf8 39. h5 h6 40. g6 Nd6 41. Kb3 Ne4 42. c4 Rf3+ 43. Kb2 Nf6 44. cxd5 cxd5 $2 (44... Nxd5 45. b5 cxb5 46. Re8+ Rf8) 45. Re6 $2 (45. Re7) 45... Rf2+ 46. Kc3 Rf3+ $2 ({Black should play} 46... Kf8 $19 47. Kb3 Rf3+ 48. Kc2 Rf4) 47. Kd4 $2 {[%mdl 8192]} (47. Kb2 $11) 47... Rb3 48. Kc5 Rc3+ 49. Kd6 Rc8 (49... Rc6+ $142 50. Ke5 Rxe6+ {[%mdl 64] Overworked Piece} 51. Kxe6 d4 52. Kd6 d3 53. Kc7 d2 54. Kxb7 d1=Q {[%mdl 64] Double Attack} 55. Kxa7 Qd6 56. Kb7 Nd5 57. a5 Qc7+ 58. Ka8 Nxb4 59. a6 Nd3 60. a7 Qc8#) 50. Re8+ {[%mdl 32768] Accuracy: White = 19%, Black = 44%. . Loss on time!?} 1-0